[Event "simultanée Téléthon 2014 GMI Fressinet"]
[Site "?"]
[Date "2014.12.07"]
[Round "?"]
[White "Fressinet, Laurent"]
[Black "Delpin, Patrice"]
[Result "1-0"]
[WhiteElo "2712"]
[BlackElo "2003"]
[PlyCount "55"]
[EventDate "2014.??.??"]

1. e4 c5 2. Nf3 Nc6 3. Bb5 Qb6 4. Nc3 e6 5. O-O Nge7 6. d3 a6 7. Ba4 Nd4 8.
Nxd4 cxd4 9. Ne2 Nc6 10. f4 d6 11. f5 Be7 12. Bb3 Bf6 13. Nf4 e5 14. Nd5 Qd8
15. Qh5 h6 16. Bd2 O-O 17. Rf3 Bg5 18. Bxg5 Qxg5 19. Qh3 Kh7 20. Rg3 Qd8 21.
Rf1 Na5 22. Qg4 Rg8 23. Qh5 Nxb3 24. axb3 Qf8 25. Rh3 Bd7 26. g4 f6 27. Qg6+
Kh8 28. Nxf6 1-0

[Event "?"]
[Site "?"]
[Date "2014.12.07"]
[Round "?"]
[White "Fressinet, Laurent"]
[Black "Malfait, Emmanuel"]
[Result "1-0"]
[WhiteElo "2712"]
[BlackElo "1979"]
[PlyCount "53"]

1. e4 c5 2. Nf3 e6 3. d4 cxd4 4. Nxd4 a6 5. c4 Nf6 6. Nc3 Bb4 7. Qd3 Nc6 8.
Nxc6 dxc6 9. Qxd8+ Kxd8 10. e5 Ne4 11. a3 Bxc3+ 12. bxc3 Nxc3 13. a4 Ne4 14.
Be3 f6 15. O-O-O+ Ke7 16. exf6+ gxf6 17. Kc2 Rd8 18. Bd3 Ng5 19. h4 Nf7 20.
Bxh7 Rxd1 21. Rxd1 Ne5 22. Kc3 b5 23. h5 bxc4 24. Bc2 Ng4 25. Bc5+ Kf7 26. Rd8
Ne5 27. f4 1-0

[Event "?"]
[Site "?"]
[Date "2014.12.07"]
[Round "?"]
[White "Fressinet, Laurent"]
[Black "Walther, Frédéric"]
[Result "1-0"]
[WhiteElo "2712"]
[BlackElo "1811"]
[PlyCount "53"]

1. Nf3 d5 2. g3 Nf6 3. Bg2 Bf5 4. c4 c6 5. O-O Nbd7 6. cxd5 cxd5 7. d3 h6 8.
Nc3 e6 9. Bf4 a6 10. Ne5 Nxe5 11. Bxe5 Nd7 12. Bf4 Be7 13. e4 dxe4 14. dxe4 Bg6
15. Qe2 Bg5 16. Bd6 Be7 17. Rfd1 Bxd6 18. Rxd6 Qc7 19. Rad1 Rd8 20. Qd2 Ke7 21.
Qf4 Bh5 22. Rxe6+ fxe6 23. Qxc7 Bxd1 24. Nxd1 b6 25. Nc3 g5 26. e5 Ke8 27. Bc6
1-0

[Event "?"]
[Site "?"]
[Date "2014.12.07"]
[Round "?"]
[White "Fressinet, Laurent"]
[Black "Sharaf, Amr"]
[Result "1-0"]
[WhiteElo "2712"]
[BlackElo "1566"]
[PlyCount "44"]
[EventDate "2014.??.??"]

1. d4 Nf6 2. Nf3 g6 3. g3 Bg7 4. Bg2 O-O 5. O-O d6 6. Nc3 c5 7. d5 Nbd7 8. e4
b6 9. a4 Ba6 10. Re1 Ng4 11. h3 Nge5 12. Nd2 f5 13. exf5 Rxf5 14. Nde4 Qf8 15.
f4 Nc4 16. Ng5 Bd4+ 17. Kh2 Nf6 18. Ne6 Qc8 19. Nxd4 cxd4 20. Qxd4 Qd7 21. g4
Nxg4+ 22. hxg4 Rf7 {partie incomplète} 1-0

[Event "?"]
[Site "?"]
[Date "2014.12.07"]
[Round "?"]
[White "Fressinet, Laurent"]
[Black "Bouilloux, Jordan"]
[Result "1-0"]
[WhiteElo "2712"]
[BlackElo "1724"]
[PlyCount "81"]

1. d4 d5 2. c4 e6 3. Nc3 c6 4. e3 Nf6 5. Nf3 Bd6 6. Bd3 Nbd7 7. O-O dxc4 8.
Bxc4 b5 9. Bd3 a6 10. Bd2 c5 11. Ne4 Be7 12. dxc5 Nxc5 13. Nxc5 Bxc5 14. Bc3
Bb7 15. Rc1 Rc8 16. Qe2 O-O 17. Rfd1 Qe7 18. Ng5 h6 19. Bxf6 gxf6 20. Ne4 Bxe4
21. Bxe4 f5 22. Bf3 Kh8 23. g3 Rc7 24. Kg2 Rfc8 25. a4 Rb8 26. axb5 Rxb5 27.
Rd2 Rc8 28. Rdc2 Rcb8 29. Qd3 Bd6 30. Rc6 Be5 31. Rxa6 Rxb2 32. Rc2 R2b3 33.
Qc4 Rb1 34. Rca2 R1b4 35. Qc6 Rb3 36. Ra7 Qd6 37. Qxd6 Bxd6 38. Rxf7 Rb2 39.
Rxb2 Rxb2 40. Rf6 Bc5 41. Rxh6+ 1-0

[Event "?"]
[Site "?"]
[Date "2014.12.07"]
[Round "?"]
[White "Fressinet, Laurent"]
[Black "Burckhardt, Ludovic"]
[Result "1-0"]
[WhiteElo "2712"]
[BlackElo "1545"]
[PlyCount "75"]

1. e4 e5 2. Nf3 Nc6 3. Bb5 a6 4. Ba4 Nf6 5. O-O Be7 6. d3 d6 7. c3 O-O 8. Nbd2
h6 9. Re1 b5 10. Bc2 Re8 11. Nf1 Bf8 12. Ng3 Bd7 13. h3 Rb8 14. d4 exd4 15.
cxd4 Bc8 16. b3 Kh8 17. Bb2 a5 18. Rc1 Bb7 19. Bb1 Kg8 20. a3 g6 21. d5 Ne5 22.
Nd4 Ba8 23. f4 Ned7 24. Nc6 Bxc6 25. Rxc6 Bg7 26. e5 dxe5 27. fxe5 Nh5 28. Nxh5
gxh5 29. Qxh5 Nf8 30. Rxh6 Qxd5 31. Rd1 Qc5+ 32. Bd4 Qe7 33. e6 f6 34. Rh7 Nxe6
35. Be3 Ng5 36. Bxg5 fxg5 37. Qg6 Rbd8 38. Rh8+ 1-0

[Event "?"]
[Site "?"]
[Date "2014.12.07"]
[Round "?"]
[White "Fressinet, Laurent"]
[Black "Pecorini, Angie"]
[Result "1-0"]
[WhiteElo "2712"]
[BlackElo "1503"]
[PlyCount "79"]

1. d4 Nf6 2. Nf3 g6 3. c4 Bg7 4. g3 O-O 5. Bg2 Re8 6. O-O e6 7. Nc3 d5 8. Bg5
Nc6 9. Ne5 h6 10. Nxc6 bxc6 11. Bf4 Qe7 12. Be5 Rb8 13. Qc2 Bb7 14. c5 Ng4 15.
Bxg7 Kxg7 16. e4 Nf6 17. e5 Nh7 18. f4 f6 19. Rae1 fxe5 20. Rxe5 Nf6 21. Rfe1
Qf7 22. Bh3 Bc8 23. b3 Nh7 24. Ne2 a5 25. Kg2 Nf8 26. Ng1 Rb4 27. Nf3 Nh7 28.
a3 Rb8 29. Qc3 Ra8 30. R5e3 Re7 31. Ne5 Qe8 32. Bg4 g5 33. Bd1 gxf4 34. gxf4
Kf6 35. Rg3 Rg7 36. Rxg7 Kxg7 37. Qg3+ Kf8 38. Bc2 Nf6 39. Qh4 Ng8 40. Rg1 1-0

[Event "?"]
[Site "?"]
[Date "2014.12.07"]
[Round "?"]
[White "Fressinet, Laurent"]
[Black "Lorman, Pierre"]
[Result "1-0"]
[WhiteElo "2712"]
[BlackElo "1718"]
[PlyCount "93"]

1. c4 f5 2. g3 Nf6 3. Bg2 e6 4. Nc3 c6 5. d4 Bb4 6. Qb3 Bxc3+ 7. Qxc3 Ne4 8.
Qa3 Qb6 9. Nf3 c5 10. dxc5 Qxc5 11. Qxc5 Nxc5 12. b3 O-O 13. Ba3 d6 14. Rd1 Nc6
15. Rxd6 Ne4 16. Rxc6 bxc6 17. Bxf8 Kxf8 18. Ne5 Bb7 19. Bxe4 fxe4 20. Nd7+ Ke7
21. Nc5 Rb8 22. Kd2 Rd8+ 23. Kc2 Ba8 24. Rd1 Rxd1 25. Kxd1 Kd6 26. b4 Ke5 27.
e3 h5 28. Kd2 g5 29. Kc3 h4 30. a4 hxg3 31. fxg3 Kf6 32. h3 Ke5 33. a5 Kf5 34.
g4+ Ke5 35. a6 Kf6 36. Nxe4+ Kg6 37. Kd4 c5+ 38. Nxc5 Bg2 39. Nd3 Bxh3 40. Ne5+
Kf6 41. b5 Bg2 42. c5 Ke7 43. b6 axb6 44. cxb6 Kd6 45. b7 Kc7 46. Kc5 Bd5 47.
Nd7 1-0

[Event "?"]
[Site "?"]
[Date "2014.12.07"]
[Round "?"]
[White "Fressinet, Laurent"]
[Black "Frei, Tiziano"]
[Result "1-0"]
[WhiteElo "2712"]
[BlackElo "1575"]
[PlyCount "69"]

1. Nf3 d5 2. g3 Nf6 3. Bg2 g6 4. c4 c6 5. O-O Bg7 6. b3 Ne4 7. d4 O-O 8. Bb2
Nd7 9. Nc3 Ndf6 10. e3 Bg4 11. h3 Bf5 12. Ne5 e6 13. g4 Nd7 14. Nxd7 Qxd7 15.
gxf5 exf5 16. cxd5 cxd5 17. Rc1 Rac8 18. Nxe4 fxe4 19. Qd2 f5 20. Rxc8 Rxc8 21.
Rc1 Rxc1+ 22. Qxc1 Qd8 23. Qc5 b6 24. Qc6 Qb8 25. Qxd5+ Kh8 26. Bf1 Qc8 27. Bc4
Qb8 28. Ba3 h6 29. Qf7 Kh7 30. Be7 Qc8 31. h4 h5 32. Be6 Qh8 33. d5 Qb8 34. d6
a5 35. d7 1-0

[Event "?"]
[Site "?"]
[Date "2014.12.07"]
[Round "?"]
[White "Fressinet, Laurent"]
[Black "Meyer, Matthew"]
[Result "1-0"]
[WhiteElo "2712"]
[BlackElo "1656"]
[PlyCount "71"]
[EventDate "2014.??.??"]

1. c4 e5 2. g3 Nf6 3. Bg2 c6 4. Nf3 e4 5. Nd4 d5 6. cxd5 cxd5 7. O-O Bc5 8. Nb3
Bb6 9. d3 O-O 10. Nc3 Bf5 11. Bg5 Re8 12. Bxf6 Qxf6 13. Nxd5 Qe6 14. dxe4 Bxe4
15. Bxe4 Qxe4 16. Nxb6 axb6 17. Nd4 Rd8 18. e3 Nc6 19. Qb1 Qxb1 20. Rfxb1 Nxd4
21. exd4 Rxd4 22. Rd1 Rad8 23. Rxd4 Rxd4 24. Rc1 g6 25. Rc7 Rd2 26. b4 Rxa2 27.
Rxb7 Rb2 28. Rxb6 Kf8 29. g4 Ke7 30. Kg2 Kd7 31. Kg3 Ke7 32. h4 h6 33. h5 g5
34. Rxh6 Rxb4 35. Rh8 Rf4 36. Rg8 1-0

[Event "?"]
[Site "?"]
[Date "2014.12.07"]
[Round "?"]
[White "Fressinet, Laurent"]
[Black "Catsiapis, Tatiana"]
[Result "1-0"]
[WhiteElo "2712"]
[BlackElo "1487"]
[PlyCount "77"]

1. c4 e5 2. Nc3 Nf6 3. Nf3 Nc6 4. e3 Bb4 5. Qc2 Bxc3 6. Qxc3 d6 7. d4 exd4 8.
Nxd4 Bd7 9. Be2 O-O 10. O-O Re8 11. Nxc6 Bxc6 12. f3 d5 13. Rd1 Qe7 14. b3 Rad8
15. Rd4 dxc4 16. bxc4 Rxd4 17. Qxd4 Qe5 18. Qxe5 Rxe5 19. e4 a6 20. Bf4 Re7 21.
Rd1 h6 22. Rd8+ Kh7 23. Kf2 Ne8 24. h4 b6 25. h5 g5 26. hxg6+ fxg6 27. g4 g5
28. Bg3 a5 29. Ke3 Kg6 30. Bd3 Kf6 31. e5+ Kf7 32. f4 gxf4+ 33. Kxf4 Rd7 34.
e6+ Kxe6 35. Bf5+ Ke7 36. Bh4+ Kd6 37. Rxe8 Kc5 38. Bxd7 Bxd7 39. Re7 1-0

[Event "?"]
[Site "?"]
[Date "2014.12.07"]
[Round "?"]
[White "Fressinet, Laurent"]
[Black "Choukroun, Jonathan"]
[Result "1-0"]
[WhiteElo "2712"]
[BlackElo "1856"]
[PlyCount "63"]

1. e4 c5 2. Nf3 d6 3. Bb5+ Nd7 4. d4 cxd4 5. Qxd4 a6 6. Be2 Ngf6 7. O-O e6 8.
c4 Qc7 9. Nc3 Be7 10. b3 b6 11. Bb2 Bb7 12. Rfe1 Nc5 13. Bf1 O-O 14. Rad1 Rad8
15. Nd2 Ne8 16. Qe3 Bf6 17. Kh1 d5 18. cxd5 exd5 19. exd5 Nd6 20. Nc4 Rfe8 21.
Qg3 Rxe1 22. Rxe1 h6 23. b4 Nce4 24. Nxe4 Bxb2 25. Nexd6 Bxd5 26. Nxb2 Rxd6 27.
Nc4 Bxc4 28. Bxc4 Qd7 29. Bb3 Rd2 30. h3 Qd4 31. Qg6 Qd7 32. Bxf7+ 1-0

[Event "?"]
[Site "?"]
[Date "2014.12.07"]
[Round "?"]
[White "Fressinet, Laurent"]
[Black "Bonvin, Philippe"]
[Result "1-0"]
[WhiteElo "2712"]
[BlackElo "1081"]
[PlyCount "51"]

1. e4 e5 2. Nf3 Nc6 3. Bc4 d5 4. Bxd5 Nge7 5. Bb3 Nd4 6. Nxd4 Qxd4 7. d3 Qb4+
8. Nc3 Nc6 9. O-O Be6 10. Nd5 Qd6 11. f4 Qc5+ 12. Be3 Nd4 13. fxe5 O-O-O 14. c3
Nf3+ 15. Qxf3 Qb5 16. Bc4 Qxb2 17. Rab1 Qa3 18. Rb3 Qxa2 19. Rxb7 Qa5 20. Rxa7
Qc5 21. Rxc7+ Qxc7 22. Nxc7 Kxc7 23. Bxe6 fxe6 24. Qf7+ Rd7 25. Qxe6 Rxd3 26.
Rf7+ 1-0

[Event "?"]
[Site "?"]
[Date "2014.12.07"]
[Round "?"]
[White "Fressinet, Laurent"]
[Black "Friedli, Fabien"]
[Result "1-0"]
[WhiteElo "2712"]
[BlackElo "1608"]
[PlyCount "59"]

1. Nf3 d5 2. g3 Nf6 3. Bg2 Bf5 4. c4 c6 5. O-O e6 6. cxd5 cxd5 7. Qb3 Qb6 8.
Qxb6 axb6 9. d3 Nc6 10. Nc3 Be7 11. Bf4 O-O 12. Rfc1 d4 13. Nb5 Nd5 14. Bd2 Bf6
15. Nd6 Rfd8 16. Nxb7 Rd7 17. Rxc6 Rxb7 18. Rac1 Ne7 19. R6c2 Rbb8 20. a3 Rc8
21. Nh4 Rxc2 22. Rxc2 Rc8 23. Rxc8+ Nxc8 24. Nxf5 exf5 25. a4 Na7 26. b4 Kf8
27. Bf4 g5 28. Bb8 Nc8 29. Bb7 Ne7 30. a5 1-0

[Event "?"]
[Site "?"]
[Date "2014.12.07"]
[Round "?"]
[White "Fressinet, Laurent"]
[Black "Magnin, Nicolas"]
[Result "1-0"]
[WhiteElo "2712"]
[BlackElo "1499"]
[PlyCount "45"]

1. e4 e5 2. Nf3 Nf6 3. Nxe5 d6 4. Nf3 Nxe4 5. d4 d5 6. Bd3 Bg4 7. O-O Nd7 8. c4
Ndf6 9. Nc3 Nxc3 10. bxc3 Be7 11. h3 Bh5 12. Re1 O-O 13. Rb1 b6 14. g4 Bg6 15.
Ne5 Qd6 16. Bf4 Bd8 17. Nxg6 Qa3 18. Nxf8 Qxf8 19. Be5 g6 20. Qf3 Nd7 21. Qxd5
Nxe5 22. Rxe5 Qh6 23. Qxa8 1-0

[Event "?"]
[Site "?"]
[Date "2014.12.07"]
[Round "?"]
[White "Fressinet, Laurent"]
[Black "Pecorini, Bryan"]
[Result "1-0"]
[WhiteElo "2712"]
[BlackElo "1350"]
[PlyCount "43"]

1. c4 c5 2. g3 d6 3. Bg2 g6 4. Nf3 Bg7 5. O-O Nf6 6. d4 b6 7. Ne5 O-O 8. Bxa8
Bh3 9. Bg2 Bxg2 10. Kxg2 Nbd7 11. Nf3 cxd4 12. Nxd4 Qa8+ 13. Nf3 Nc5 14. Nc3
Ne6 15. Nd5 Qc6 16. Nxe7+ Kh8 17. Nxc6 Rc8 18. Ne7 Rxc4 19. Qxd6 Nf8 20. Bh6
Bxh6 21. Qxf6+ Bg7 22. Qxf7 1-0

[Event "?"]
[Site "?"]
[Date "2014.12.07"]
[Round "?"]
[White "Fressinet, Laurent"]
[Black "Pecorini, Anthony"]
[Result "1-0"]
[WhiteElo "2712"]
[BlackElo "1528"]
[PlyCount "47"]

1. d4 Nf6 2. Nf3 g6 3. c4 d5 4. cxd5 Nxd5 5. e4 Nb6 6. Be3 Bg7 7. Nc3 Bg4 8.
Qd2 Bxf3 9. gxf3 Nc6 10. O-O-O O-O 11. h4 e6 12. h5 Ne7 13. Bh6 f5 14. hxg6
hxg6 15. Bxg7 Kxg7 16. Qh6+ Kf7 17. Qh7+ Ke8 18. d5 Qd7 19. Bb5 Nc6 20. dxc6
Qxh7 21. Rxh7 a6 22. cxb7+ axb5 23. bxa8=Q+ Nxa8 24. Rdd7 1-0

[Event "?"]
[Site "?"]
[Date "2014.12.07"]
[Round "?"]
[White "Fressinet, Laurent"]
[Black "Vilaseca, Laurent"]
[Result "0-1"]
[WhiteElo "2712"]
[BlackElo "2151"]
[PlyCount "144"]

1. e4 e5 2. Nf3 Nc6 3. Bc4 Bc5 4. b4 Bxb4 5. c3 Bc5 6. d4 exd4 7. O-O d6 8.
cxd4 Bb6 9. Qb3 Qe7 10. Nc3 Na5 11. Qa4+ Bd7 12. Bb5 c6 13. Bd3 h6 14. Bd2 Bc7
15. Rfe1 b5 16. Qc2 Qd8 17. e5 d5 18. e6 Bxe6 19. Bg6 Kf8 20. Bf5 Bxf5 21. Qxf5
Ne7 22. Qh3 Nc4 23. Bg5 Bd6 24. Re2 Qc8 25. Bxe7+ Bxe7 26. Qg3 Bd6 27. Qh4 Qd8
28. Qg4 h5 29. Qh3 g6 30. Ne5 Qc7 31. Rae1 Kg7 32. f4 Rae8 33. Qg3 Re6 34. f5
Rf6 35. Rf2 Rf8 36. Nd1 c5 37. Qg5 Nxe5 38. dxe5 Bxe5 39. fxg6 Bxh2+ 40. Kh1
fxg6 41. Rxf6 Rxf6 42. Nc3 Bf4 43. Qxf6+ Kxf6 44. Nxd5+ Kf5 45. Nxc7 Bxc7 46.
Kg1 Be5 47. Kf2 a5 48. Ke2 b4 49. Kd3 a4 50. Kc4 Bd4 51. Re8 g5 52. Ra8 a3 53.
Rf8+ Kg4 54. Rf3 h4 55. Kd5 Bg1 56. Rf1 Bd4 57. Rf3 Bg1 58. Rf1 Be3 59. Rf3 Bd4
60. Kc4 Kh5 61. Rf5 Kg6 62. Rf8 g4 63. Kb3 Kg5 64. Kc4 h3 65. gxh3 g3 66. Rg8+
Kh4 67. Rg6 Kxh3 68. Rh6+ Kg2 69. Rh7 Kf3 70. Rf7+ Ke2 71. Re7+ Be3 72. Rg7 Bf2
0-1

[Event "Simultanée Téléthon 2014"]
[Site "?"]
[Date "2014.12.07"]
[Round "1"]
[White "Fressinet Laurent"]
[Black "Pecorini Jean-Marc"]
[Result "1-0"]
[WhiteElo "2735"]
[BlackElo "1688"]
[Annotator "Ouv. Anglaise (Var. Sym. , Syst. Rubinstein)"]
[PlyCount "45"]
[EventDate "2014.??.??"]

1. Nf3 c5 2. g3 Nc6 3. Bg2 g6 4. O-O Bg7 5. c4 Nf6 6. Nc3 d5 7. cxd5 Nxd5 8.
Qa4 O-O 9. Qc4 Nxc3 10. dxc3 b6 11. Qh4 f6 12. Bh6 g5 13. Nxg5 Bxh6 14. Qxh6
fxg5 15. Bxc6 Rf6 16. Qxg5+ Rg6 17. Qd5+ Qxd5 18. Bxd5+ Kg7 19. Bxa8 Be6 20.
Rfd1 Rf6 21. Rd8 Bc4 22. Bf3 h6 23. Rd7 1-0